Districts under municipalities in Taiwan 直轄市區列表 - Statistics

General Stats
  • This quiz has been taken 24 times
  • The average score is 39 of 158
Answer Stats
Hint Answer % Correct
台北市Taipei 南港區
89%
台北市Taipei 士林區
83%
新北市New Taipei 淡水區
83%
台北市Taipei 中山區
78%
台北市Taipei 中正區
78%
台北市Taipei 北投區
78%
台北市Taipei 松山區
78%
台北市Taipei 萬華區
78%
新北市New Taipei 板橋區
78%
台北市Taipei 信義區
72%
台北市Taipei 內湖區
72%
台中市Taichung | 台北市Taipei 大安區
72%
台北市Taipei 大同區
67%
新北市New Taipei 永和區
67%
新北市New Taipei 新店區
67%
台北市Taipei 文山區
61%
新北市New Taipei 三重區
61%
新北市New Taipei 鶯歌區
61%
桃園市Taoyuan 桃園區
61%
新北市New Taipei 烏來區
56%
新北市New Taipei 三峽區
56%
桃園市Taoyuan 中壢區
56%
新北市New Taipei 貢寮區
50%
新北市New Taipei 林口區
50%
新北市New Taipei 新莊區
50%
新北市New Taipei 蘆洲區
50%
新北市New Taipei 中和區
50%
新北市New Taipei 平溪區
50%
新北市New Taipei 汐止區
50%
新北市New Taipei 雙溪區
50%
新北市New Taipei 金山區
44%
新北市New Taipei 萬里區
44%
新北市New Taipei 八里區
44%
台中市Taichung | 台南市Tainan 東區
44%
台中市Taichung | 台南市Tainan 北區
44%
新北市New Taipei 石門區
39%
新北市New Taipei 五股區
39%
新北市New Taipei 土城區
39%
新北市New Taipei 樹林區
39%
桃園市Taoyuan 大園區
39%
桃園市Taoyuan 蘆竹區
39%
台中市Taichung 中區
39%
台中市Taichung | 台南市Tainan 南區
39%
新北市New Taipei 泰山區
33%
新北市New Taipei 深坑區
33%
新北市New Taipei 瑞芳區
33%
桃園市Taoyuan 龜山區
33%
台中市Taichung 南屯區
33%
台中市Taichung 西區
33%
台中市Taichung 北屯區
33%
新北市New Taipei 石碇區
28%
新北市New Taipei 坪林區
28%
桃園市Taoyuan 八德區
28%
桃園市Taoyuan 復興區
28%
台中市Taichung 和平區
28%
高雄市Kaohsiung 旗津區
28%
桃園市Taoyuan 內壢區
22%
桃園市Taoyuan 楊梅區
22%
桃園市Taoyuan 大溪區
22%
桃園市Taoyuan 觀音區
22%
桃園市Taoyuan 新屋區
22%
台中市Taichung 西屯區
22%
高雄市Kaohsiung 桃源區
22%
台中市Taichung 大甲區
17%
台中市Taichung 烏日區
17%
台中市Taichung 龍井區
17%
台中市Taichung 大肚區
17%
台南市Tainan 安平區
17%
台南市Tainan 安南區
17%
高雄市Kaohsiung 左營區
17%
高雄市Kaohsiung 那馬夏區
17%
高雄市Kaohsiung 鹽埕區
17%
台中市Taichung 豐原區
11%
台中市Taichung 霧峰區
11%
台中市Taichung 大里區
11%
台中市Taichung 后里區
11%
台中市Taichung 石岡區
11%
台中市Taichung 東勢區
11%
台中市Taichung 沙鹿區
11%
台中市Taichung 外埔區
11%
台南市Tainan 七股區
11%
台南市Tainan 白河區
11%
台南市Tainan 麻豆區
11%
台南市Tainan 六甲區
11%
台南市Tainan 官田區
11%
台南市Tainan 大內區
11%
台南市Tainan 將軍區
11%
台南市Tainan 善化區
11%
台南市Tainan 玉井區
11%
台南市Tainan 楠西區
11%
台南市Tainan 左鎮區
11%
高雄市Kaohsiung 旗山區
11%
高雄市Kaohsiung 楠梓區
11%
高雄市Kaohsiung 前鎮區
11%
高雄市Kaohsiung 岡山區
11%
高雄市Kaohsiung 橋頭區
11%
高雄市Kaohsiung 茄萣區
11%
台中市Taichung 清水區
6%
台中市Taichung 潭子區
6%
台中市Taichung 太平區
6%
台中市Taichung 新社區
6%
台中市Taichung 神岡區
6%
台南市Tainan 柳營區
6%
台南市Tainan 新市區
6%
台南市Tainan 永康區
6%
台南市Tainan 中西區
6%
台南市Tainan 新營區
6%
台南市Tainan 東山區
6%
台南市Tainan 北門區
6%
台南市Tainan 安定區
6%
台南市Tainan 南化區
6%
台南市Tainan 關廟區
6%
台南市Tainan 龍崎區
6%
高雄市Kaohsiung 六龜區
6%
高雄市Kaohsiung 美濃區
6%
高雄市Kaohsiung 林園區
6%
高雄市Kaohsiung 小港區
6%
高雄市Kaohsiung 鼓山區
6%
高雄市Kaohsiung 三民區
6%
高雄市Kaohsiung 新興區
6%
高雄市Kaohsiung 前金區
6%
高雄市Kaohsiung 燕巢區
6%
高雄市Kaohsiung 湖內區
6%
高雄市Kaohsiung 甲仙區
6%
高雄市Kaohsiung 茂林區
6%
台中市Taichung 大雅區
0%
台中市Taichung 梧棲區
0%
台南市Tainan 鹽水區
0%
台南市Tainan 後壁區
0%
台南市Tainan 下營區
0%
台南市Tainan 佳里區
0%
台南市Tainan 學甲區
0%
台南市Tainan 西港區
0%
台南市Tainan 新化區
0%
台南市Tainan 山上區
0%
台南市Tainan 仁德區
0%
台南市Tainan 歸仁區
0%
高雄市Kaohsiung 鳳山區
0%
高雄市Kaohsiung 苓雅區
0%
高雄市Kaohsiung 鳥松區
0%
高雄市Kaohsiung 仁武區
0%
高雄市Kaohsiung 大社區
0%
高雄市Kaohsiung 大樹區
0%
高雄市Kaohsiung 大寮區
0%
高雄市Kaohsiung 路竹區
0%
高雄市Kaohsiung 阿蓮區
0%
高雄市Kaohsiung 田寮區
0%
高雄市Kaohsiung 梓官區
0%
高雄市Kaohsiung 彌陀區
0%
高雄市Kaohsiung 永安區
0%
高雄市Kaohsiung 內門區
0%
高雄市Kaohsiung 山林區
0%
No matching quizzes found
Score Distribution
Percent of People with Each Score
Percentile by Number Answered
Your Score History
You have not taken this quiz